| 000 | 01519nam a2200241Ia 4500 | ||
|---|---|---|---|
| 003 | OSt | ||
| 005 | 20210826165946.0 | ||
| 008 | 210310s1994 ck ad fr 000 0 spa d | ||
| 040 |
_aCO-JMCR _cCO-JMCR |
||
| 041 | 0 | _aspa | |
| 082 | 0 | 4 |
_a333.33 / _bL865u _223 |
| 100 | 1 |
_aLora, Eduardo, _915828 _eautor |
|
| 245 | 1 | 0 |
_aUna visión macro del sector inmobiliario / _cdocumento preparado por Eduardo Lora y Doris Polanía |
| 260 |
_a[Bogotá] : _bFedesarrollo, _c1994 |
||
| 300 |
_a89 páginas : _bilustraciones y gráficas a blanco y negro ; _c27 cm. |
||
| 500 | _aIncluye notas a pie de página. "Un nuevo mundo para el sector inmobiliario. Innovación, proyección y tendencias. Una visión macro del sector inmobiliario"--Tapa | ||
| 505 | 0 | _aTendencias y determinantes de la inversión inmobiliaria -- La oferta y la demanda de inmuebles para vivienda por ciudades -- Stock de viviendas y su movilidad -- La demanda de ocupación de vivienda -- Los precios de los arrendamientos -- La rentabilidad de la inversión inmobiliaria -- El gasto en arrendamientos por estratos y ciudades -- La participación del sector de finca raíz en el PIB -- Perspectivas macroeconómicas para 1994-1998 -- Perspectivas del sector inmobiliario -- Apéndice econométrico | |
| 650 | 1 | 4 |
_aNegocios en bienes raíces _915830 _xColombia |
| 650 | 2 | 4 |
_aVivienda _vEstadísticas _xAspectos económicos _zColombia _939749 |
| 650 | 2 | 4 |
_aDesarrollo urbano _xProyecciones _939750 |
| 700 | 1 |
_aPolanía, Doris, _eautor _939751 |
|
| 942 |
_2ddc _cBK |
||
| 999 |
_c7922 _d7922 |
||